| 000 | 00650nmm a2200253 a 4500 | ||
|---|---|---|---|
| 003 | AR-BaBNM | ||
| 005 | 20251128203755.0 | ||
| 008 | 177019s1977 ||||||||||||||000 | spa|| | ||
| 040 | _cAR-BaBNM | ||
| 100 | 1 | _aLeist-Andre, Monika | |
| 245 | 1 | 0 | _aManualidades creadoras |
| 250 | _a1ª ed. | ||
| 260 |
_aBuenos Aires _bKapelusz _c1977 |
||
| 300 | 0 |
_a139 p. _bdiagr., il., láms. |
|
| 650 | 4 | _aEDUCACION ARTISTICA | |
| 650 | 4 | _aMATERIAL MANIPULABLE | |
| 650 | 4 | _aTRABAJADORES MANUALES | |
| 650 | 4 | _aTRABAJO EN MADERA | |
| 650 | 4 | _aPINTURA | |
| 650 | 4 | _aCERAMICA | |
| 700 | 1 |
_aThomas, Juan Jorge _etraductor |
|
| 942 | _cBK | ||
| 998 | _cSILVI | ||
| 999 |
_c4890 _d4890 |
||